000 nam a22 7a 4500
999 _c7795
_d7795
008 171013b xxu||||| |||| 00| 0 eng d
100 _94272
_aNCERT
245 _aMathematics-IX
260 _aNew Delhi
_bNCERT
_c2012